Proyecto de lei de administración de justicia y organización de tribunales

Gardado en:
Detalles Bibliográficos
Formato: Libro
Idioma:Lingua castelá
Publicado: Santiago De la Independencia 1835
Subjects:
Tags: Engadir etiqueta
Sen Etiquetas, Sexa o primeiro en etiquetar este rexistro!

MARC

LEADER 00000nam a2200000 a 4500
001 UCR1221
003 CL-VaPUC
008 971212e18350000CL |||||||||||||||||spa|d
082 0 4 |a 347.01  |b PRO  |2 21 
245 1 0 |a Proyecto de lei de administración de justicia y organización de tribunales 
300 |a 182 p 
942 |c BK 
945 |d 19971212 00:00:00  |a cmena 
260 |a Santiago  |b De la Independencia  |c 1835 
600 0 7 |a CORTE SUPREMA  |2 CL-VaPUC  |9 389044 
600 0 7 |a CORTE DE APELACIONES  |2 CL-VaPUC  |9 398207 
650 0 |a Código orgánico de tribunales  |9 256731 
650 7 |a PERSONAL JURIDICO  |2 CL-VaPUC  |9 371902 
650 7 |a NOTARIAS  |2 CL-VaPUC  |9 371903 
650 7 |a JUZGADOS DE POLICIA LOCAL  |2 CL-VaPUC  |9 328496 
650 0 |a Poder judicial  |9 254871 
650 0 |a Justicia   |9 255408 
650 0 |a Administración de justicia  |9 382749 
651 7 |a CHILE  |2 CL-VaPUC  |9 398209 
583 |a last modification  |c 19971212 00:00:00  |k Rodrigo Vera 
999 |c 264698  |d 264696 
952 |0 0  |1 0  |4 0  |6 347_010000000000000_PRO_1835  |7 0  |8 DER_HDC  |9 295092  |a BIBDER  |b BIBDER  |d 2019-11-19  |i 1921754  |o 347.01 PRO 1835  |p 1921754  |r 2023-01-25  |w 2019-11-19  |x Ubicación 4to Piso  |y BK_X  |z Estos recursos deben solicitarse con anticipación  |k DER